A sangre fría / (Registro nro. 30729)

Detalles MARC
000 -LÍDER
campo de control de longitud fija 00796nam a22002417a 4500
005 - FECHA Y HORA DE LA ÚLTIMA
campo de control 20250619102229.0
008 - ELEMENTOS DE DATOS DE LONGITUD FIJA - INFORMACIÓN GENERAL
campo de control de longitud fija 240403b |||||||| |||| 00| 0 eng d
020 ## - NÚMERO INTERNACIONAL NORMALIZADO DEL LIBRO
Número de libro estándar internacional 9789588820439
037 ## - FUENTE DE ADQUISICIÓN
Materials specified Donación
040 ## - FUENTE DE CATALOGACIÓN
Agencia de catalogación original CO-JMCR
Agencia de transcripción CO-JMCR
Agencia modificadora CO-JMCR
Convenciones de descripción rda
041 ## - CÓDIGO DE IDIOMA
Código de idioma del texto/pista de sonido o título independiente spa
082 ## - NÚMERO DE CLASIFICACIÓN DECIMAL DEWEY
Número de clasificación A-N
Número de artículo CAPs
100 ## - ENTRADA PRINCIPAL - NOMBRE PERSONAL
Término relativo autor
Nombre personal Capote, Truman
9 (RLIN) 43631
245 ## - DECLARACIÓN DEL TÍTULO
Título A sangre fría /
Declaración de responsabilidad, etc. Truman Capote
246 ## - FORMA VARIABLE DEL TÍTULO
Título propiamente dicho/título corto In cold blood
260 ## - PUBLICACIÓN, DISTRIBUCIÓN, ETC.
Lugar de publicación, distribución, etc. Bogotá
Nombre del editor, distribuidor, etc. Debolsillo
Fecha de publicación, distribución, etc. 2014
300 ## - DESCRIPCIÓN FÍSICA
Medida 316 páginas
Otros detalles fisicos 19 cm
505 ## - NOTA DE CONTENIDO FORMATEADO
Nota de contenido formateada Los últimos que los vieron vivos -- Personas desconocidas -- Respuesta -- El rincón
650 ## - ENTRADA AÑADIDA DE ASUNTO - TÉRMINO TEMÁTICO
Fuente del encabezado o término JMCR
-- Novela estadounidense
Subdivisión cronológica SigloXX
9 (RLIN) 43381
650 ## - ENTRADA AÑADIDA DE ASUNTO - TÉRMINO TEMÁTICO
Fuente del encabezado o término JMCR
-- Literatura estadounidense
Subdivisión cronológica Siglo XX
9 (RLIN) 13472
650 ## - ENTRADA AÑADIDA DE ASUNTO - TÉRMINO TEMÁTICO
Fuente del encabezado o término JMCR
-- Asesinato en la literatura
9 (RLIN) 10236
942 ## - ELEMENTOS DE ENTRADA AÑADIDOS (KOHA)
Source of classification or shelving scheme Dewey Decimal Classification
Tipo de artículo Koha Books
999 ## -
-- 30729
-- 17113
Existencias
Estado retirado